004500000a22001450004500003001100000008004100011040003900052041000800091082001600099100002400115245008900139260005100228300000900279490001600288LK-CoMWRAF230817t ||||| |||| 00| 0 eng d aLK-CoMWRAFdLK-CoMWRAFeLK-CoMWRAF aeng a301.10bJAY aJayatilaka, Ramanie aGlobalization and Rural WomenbA Case Study of Two Villages in the District of Galle aColombobCenter for Society and Religionc1998 ap.89 aVol.36 No.1